| Tag |
First Indicator |
Second Indicator |
Subfields |
| LEADER |
00000cgm a2200000Ia 4500 |
| 001 |
in00002781214 |
| 005 |
20210904063808.0 |
| 007 |
vd cvaizq |
| 008 |
120913s2012 cau113 vleng d |
| 020 |
|
|
|a 9781616661519
|
| 020 |
|
|
|a 1616661518
|
| 024 |
1 |
|
|a 687797136695
|
| 028 |
4 |
2 |
|a ME-13669
|b Millennium Entertainment
|
| 035 |
|
|
|a (OCoLC)ocn809868429
|
| 035 |
|
|
|a (OCoLC)809868429
|
| 037 |
|
|
|b Midwest Tape
|n http://www.midwesttapes.com
|
| 040 |
|
|
|a TEFMT
|c TEFMT
|d BDX
|d TEF
|d IZ8
|d TXA
|d UtOrBLW
|
| 049 |
|
|
|a TXAM
|
| 050 |
|
4 |
|a PN1997.2
|b .R43 2012
|
| 082 |
0 |
4 |
|a 791.45/72
|2 23
|
| 090 |
|
|
|a PN1995.9.S87
|b R44 2012
|
| 245 |
0 |
0 |
|a Red lights /
|c a Millennium Entertainment and Cindy Cowan Entertainment presentation of a Nostromo Pictures production in association with Antena 3 Films and Televiso de Catalunya ; a Rodrigo Cortes Film.
|
| 264 |
|
1 |
|a [Los Angeles, Calif.] :
|b Millennium Entertainment,
|c 2012.
|
| 300 |
|
|
|a 1 videodisc (113 min.) :
|b sound, color ;
|c 4 3/4 in.
|
| 336 |
|
|
|a two-dimensional moving image
|b tdi
|2 rdacontent
|
| 337 |
|
|
|a video
|b v
|2 rdamedia
|
| 338 |
|
|
|a videodisc
|b vd
|2 rdacarrier
|
| 538 |
|
|
|a DVD; NTSC; region 1; widescreen.
|
| 546 |
|
|
|a In English with optional subtitles in Spanish. English subtitles for the deaf and hard of hearing.
|
| 500 |
|
|
|a Title from disc surface.
|
| 511 |
1 |
|
|a Robert De Niro, Sigourney Weaver, Cillian Murphy, Elizabeth Olsen, Toby Jones.
|
| 508 |
|
|
|a Directed by Rodrigo Cortes ; screenplay by Rodrigo Cortes ; producers, Rodrigo Cortes, Adrian Guerra
|
| 521 |
8 |
|
|a MPAA Rating: R; for language and some violence.
|
| 520 |
|
|
|a Veteran paranormal researchers Dr. Margaret Matheson and Tom Buckley debunk fraudulent claims of ghost whispering, faith healing and other psychic phenomena by detecting what Matheson calls red lights, the subtle tricks behind every staged supernatural occurrence. But when the legendary blind psychic Simon Silver comes out of retirement after 30 years, his once-fearless adversary Matheson warns Buckley to back off, fearing reprisal from the powerful Silver.
|
| 500 |
|
|
|a Videorecording.
|
| 650 |
|
0 |
|a Parapsychology
|v Drama.
|
| 650 |
|
0 |
|a Psychics
|v Drama.
|
| 655 |
|
7 |
|a Thrillers (Motion pictures)
|2 lcgft
|
| 655 |
|
7 |
|a Feature films.
|2 lcgft
|
| 655 |
|
7 |
|a Fiction films.
|2 lcgft
|
| 655 |
|
7 |
|a Video recordings for the hearing impaired.
|2 lcgft
|
| 700 |
1 |
|
|a Cortés, Rodrigo,
|d 1973-
|
| 700 |
1 |
|
|a Guerra, Adrián.
|
| 700 |
1 |
|
|a Olsen, Elizabeth,
|d 1989-
|
| 700 |
1 |
|
|a Weaver, Sigourney,
|d 1949-
|
| 700 |
1 |
|
|a De Niro, Robert.
|
| 700 |
1 |
|
|a Murphy, Cillian,
|d 1976-
|
| 700 |
1 |
|
|a Jones, Toby,
|d 1966-
|
| 710 |
2 |
|
|a Cindy Cowan Entertainment.
|
| 710 |
2 |
|
|a Antena 3 Films.
|
| 710 |
2 |
|
|a Televiso de Catalunya.
|
| 710 |
2 |
|
|a Nostromo Pictures.
|
| 710 |
2 |
|
|a Millennium Entertainment, LLC.
|
| 994 |
|
|
|a C0
|b TXA
|
| 948 |
|
|
|a cataloged
|b h
|c 2012/10/3
|d c
|e blrosas
|f 11:24:07 am
|
| 999 |
|
|
|a MARS
|
| 999 |
f |
f |
|s edecd160-e733-3a1b-bb3b-91d652e5b38f
|i b18ba014-3727-3f4c-95db-a25f1a02343f
|t 0
|
| 952 |
f |
f |
|p dvd
|a Texas A&M University
|b College Station
|c Sterling C. Evans Library
|d Evans: Media and Reserves (Annex 1st floor)
|t 0
|e PN1995.9.S87 R44 2012
|h Library of Congress classification
|i video -- videodisc
|m A14841528959
|
| 998 |
f |
f |
|a PN1995.9.S87 R44 2012
|t 0
|l Evans: Media and Reserves (Annex 1st floor)
|